Sealants : microbiological deterioration under wet conditions. (Record no. 101268)

MARC details
000 -LEADER
fixed length control field 00862cam a2200265 4500
008 - FIXED-LENGTH DATA ELEMENTS--GENERAL INFORMATION
fixed length control field 000000n2001 000 0 eng u
020 ## - INTERNATIONAL STANDARD BOOK NUMBER
International Standard Book Number 0860175200
035 ## - SYSTEM CONTROL NUMBER
System control number (Sirsi) u111625
050 ## - LIBRARY OF CONGRESS CALL NUMBER
Classification number 690.18
100 ## - MAIN ENTRY--PERSONAL NAME
Personal name Dow, C.S.
110 ## - MAIN ENTRY--CORPORATE NAME
Corporate name or jurisdiction name as entry element Construction Industry Research and Information Association
9 (RLIN) 4810
245 ## - TITLE STATEMENT
Title Sealants : microbiological deterioration under wet conditions.
260 ## - PUBLICATION, DISTRIBUTION, ETC.
Place of publication, distribution, etc. London
Name of publisher, distributor, etc. CIRIA
Date of publication, distribution, etc. 2001
300 ## - PHYSICAL DESCRIPTION
Extent 123p. : ill. ; 30cm.
350 ## - PRICE (NR) (BK AM CF MU VM SE) [OBSOLETE]
Price 80.00
490 ## - SERIES STATEMENT
Series statement CIRIA Publication
Volume/sequential designation C520
520 ## - SUMMARY, ETC.
Summary, etc. Examines the degradation of civil engineering polymeric sealants under aqueous challenge conditions.
650 ## - SUBJECT ADDED ENTRY--TOPICAL TERM
Topical term or geographic name entry element WATER TREATMENT PLANTS
650 ## - SUBJECT ADDED ENTRY--TOPICAL TERM
Topical term or geographic name entry element SEWAGE TREATMENT PLANT
650 ## - SUBJECT ADDED ENTRY--TOPICAL TERM
Topical term or geographic name entry element RESERVOIRS
690 ## - LOCAL SUBJECT ADDED ENTRY--TOPICAL TERM (OCLC, RLIN)
Topical term or geographic name as entry element BUILT ENVIRONMENT-BUILDING MATERIALS
700 ## - ADDED ENTRY--PERSONAL NAME
Personal name Aubrey, D.W.
700 ## - ADDED ENTRY--PERSONAL NAME
Personal name Hurley, S.
942 ## - ADDED ENTRY ELEMENTS (KOHA)
Suppress in OPAC 0
Holdings
Withdrawn status Lost status Source of classification or shelving scheme Damaged status Not for loan Home library Current library Shelving location Date acquired Cost, normal purchase price Total Checkouts Full call number Barcode Date last seen Copy number Cost, replacement price Price effective from Koha item type
    Dewey Decimal Classification     London London Books 23/03/2001 80.00   CIRIA REPORTS 30063875 26/03/2024 1 80.00 06/08/2019 Book